Llei 7/2006, de 31 de maig, de l'exercici de professions titulades i dels col·legis professionals / edició a cura de Francesc Pau i Vall
Descripción Física:
60 p. ; 21 cm
Colección:
Textos legislatius ; 56
Otros Autores:
Pau i Vall, Francesc, ed
MARC
| LEADER | 00000nam a2200000Ia 4500 | ||
|---|---|---|---|
| 001 | 18548 | ||
| 008 | 160829s2006 xx 000 0 cat d | ||
| 080 | |a D-3-145 | ||
| 100 | |a Catalunya. Llei de l'exercici de professions titulades i dels col·legis professionals (2006) |9 45067 | ||
| 245 | |a Llei 7/2006, de 31 de maig, de l'exercici de professions titulades i dels col·legis professionals / edició a cura de Francesc Pau i Vall | ||
| 260 | |a Barcelona : |b Parlament de Catalunya, |c 2006 | ||
| 300 | |a 60 p. ; |c 21 cm | ||
| 490 | |a Textos legislatius ; 56 | ||
| 650 | |a Professions |x Dret i legislació |x Catalunya |9 45068 | ||
| 650 | |a Col·legis professionals |x Dret i legislació |x Catalunya |9 45069 | ||
| 700 | |a Pau i Vall, Francesc, ed. |9 39248 | ||
| 710 | 1 | |a Catalunya. |b Parlament |9 11492 | |
| 901 | |a Arxiu | ||
| 942 | |n 1 | ||
| 952 | |0 1 |1 0 |2 udc |4 0 |5 2 |6 D3145 |7 1 |9 52335 |a Arxiu |b Arxiu |d 2016-12-01 |l 0 |o D-3-145 |p 18548 |r 2016-12-01 00:00:00 |w 2016-12-01 |y ARXIU | ||
| 999 | |c 56183 |d 56183 | ||